| 000 | 00440nam a22001457a 4500 | ||
|---|---|---|---|
| 008 | 230403b |||||||| |||| 00| 0 eng d | ||
| 040 |
_aNational Science Library _cNational Science Library |
||
| 080 |
_aD 681.324 _bN8 |
||
| 100 | _aLehnert, Wendy G | ||
| 245 | _aBeginners's guide to the internet and the world wide web | ||
| 260 |
_aEngland: _bAddison Wesley, _61998 |
||
| 300 | _a534p. | ||
| 650 | _aComputer science | ||
| 942 |
_2udc _cBK |
||
| 999 |
_c18089 _d18089 |
||